Villes d'Espagne en images - Statistiques

Statistiques générales
  • Ce quiz a été pris 208 fois
  • Le résultat moyen est 8 sur 33
Statistiques - réponses
Par images Réponse % Correct
Barcelone
98%
Madrid
72%
Bilbao
56%
Séville
52%
Grenade
51%
Pampelune
41%
Ségovie
29%
Melilla
28%
Benidorm
26%
Saint-Jacques de Compostelle
26%
Saragosse
26%
Tolède
26%
Figueras
20%
Palma de Majorque
20%
Cordoue
19%
Almeria
18%
Cadix
18%
Las Palmas de Gran Canaria
17%
Saint-Sébastien
17%
Málaga
14%
La Corogne
11%
Alicante
10%
Mérida
10%
Salamanque
10%
Gijón
7%
Santa Cruz de Tenerife
7%
Vigo
6%
Murcie
5%
Badajoz
4%
Ceuta
4%
Oviedo
3%
Vitoria-Gasteiz
3%
L'Hospitalet de Llobregat
2%
Aucun quiz correspondant
Distribution des résultats
% des personnes avec chaque résultat
Percentile par nombre de réponses
Votre historique - résultats
Vous n’avez pas pris ce quiz